| 000 -LEADER |
| fixed length control field |
00888nam a22001937a 4500 |
| 005 - DATE AND TIME OF LATEST TRANSACTION |
| control field |
20251204082243.0 |
| 008 - FIXED-LENGTH DATA ELEMENTS--GENERAL INFORMATION |
| fixed length control field |
251204b ||||| |||| 00| 0 eng d |
| 020 ## - INTERNATIONAL STANDARD BOOK NUMBER |
| International Standard Book Number |
9781760655174 |
| 040 ## - CATALOGING SOURCE |
| Transcribing agency |
KH8 |
| 082 ## - DEWEY DECIMAL CLASSIFICATION NUMBER |
| Classification number |
741.5 MIL |
| 100 ## - MAIN ENTRY--PERSONAL NAME |
| Personal name |
MILLER,KAYLA |
| Relator term |
AUTHOR |
| 245 ## - TITLE STATEMENT |
| Title |
CLASH |
| 260 ## - PUBLICATION, DISTRIBUTION, ETC. |
| Place of publication, distribution, etc. |
Locked Bag 22,Newton,NSW 2042 Australia |
| Name of publisher, distributor, etc. |
Walker Books Australia Pty Ltd |
| Date of publication, distribution, etc. |
2022 |
| 300 ## - PHYSICAL DESCRIPTION |
| Extent |
207 pages |
| Other physical details |
Colour illustration |
| Dimensions |
14 cm x 20 cm |
| 520 ## - SUMMARY, ETC. |
| Summary, etc. |
There's a new kid in town! From the moment Natasha sets foot in class, it's clear she's one of the coolest kids in sixth grade. Everyone wants to be her friend, including Olive...but things might not be so easy. Olive tries her best to befriend Nat, but it seems like the only thing they have in common is that they both want to hang out with Olive's friends! |
| 650 ## - SUBJECT ADDED ENTRY--TOPICAL TERM |
| Topical term or geographic name entry element |
Juvenile Fiction |
| 655 ## - INDEX TERM--GENRE/FORM |
| Genre/form data or focus term |
Friendship |
| 942 ## - ADDED ENTRY ELEMENTS (KOHA) |
| Source of classification or shelving scheme |
|
| Koha item type |
Graphic Novel |